<?xml version="1.0" encoding="UTF-8"?>
<record
    xmlns:xsi="http://www.w3.org/2001/XMLSchema-instance"
    xsi:schemaLocation="http://www.loc.gov/MARC21/slim http://www.loc.gov/standards/marcxml/schema/MARC21slim.xsd"
    xmlns="http://www.loc.gov/MARC21/slim">

  <leader>00295nam a2200109Ia 4500</leader>
  <controlfield tag="008">180130s9999||||xx |||||||||||||| ||und||</controlfield>
  <datafield tag="020" ind1=" " ind2=" ">
    <subfield code="c">NT499</subfield>
    <subfield code="a">978-986-320-718-4</subfield>
  </datafield>
  <datafield tag="100" ind1=" " ind2=" ">
    <subfield code="a">&#x5ED6;&#x6708;&#x5A1F;</subfield>
  </datafield>
  <datafield tag="245" ind1=" " ind2="0">
    <subfield code="c">&#x5ED6;&#x6708;&#x5A1F;</subfield>
    <subfield code="a">&#x6210;&#x70BA;&#x8CC8;&#x4F2F;&#x65AF;&#xFF1A;&#x5929;&#x624D;&#x5DE8;&#x661F;&#x7684;&#x632B;&#x6557;&#x8207;&#x5B55;&#x6210;</subfield>
  </datafield>
  <datafield tag="250" ind1=" " ind2=" ">
    <subfield code="a">&#x4E00;&#x7248;</subfield>
  </datafield>
  <datafield tag="260" ind1=" " ind2=" ">
    <subfield code="c">2015.05</subfield>
  </datafield>
  <datafield tag="942" ind1=" " ind2=" ">
    <subfield code="2">ccl</subfield>
    <subfield code="c">BOOK</subfield>
  </datafield>
  <datafield tag="999" ind1=" " ind2=" ">
    <subfield code="c">814</subfield>
    <subfield code="d">814</subfield>
  </datafield>
  <datafield tag="952" ind1=" " ind2=" ">
    <subfield code="0">0</subfield>
    <subfield code="1">0</subfield>
    <subfield code="2">ccl</subfield>
    <subfield code="4">0</subfield>
    <subfield code="7">0</subfield>
    <subfield code="a">yeezen</subfield>
    <subfield code="b">yeezen</subfield>
    <subfield code="d">2018-01-30</subfield>
    <subfield code="l">0</subfield>
    <subfield code="o">484.67 </subfield>
    <subfield code="p">C02287</subfield>
    <subfield code="r">2018-01-30 00:00:00</subfield>
    <subfield code="t">c.2</subfield>
    <subfield code="w">2018-01-30</subfield>
    <subfield code="y">BOOK</subfield>
    <subfield code="z">&#x8CC8;&#x4F2F;&#x65AF;&#x901D;&#x4E16;&#x4E4B;&#x5F8C;&#xFF0C;&#x5A92;&#x9AD4;&#x591A;&#x534A;&#x628A;&#x4ED6;&#x63CF;&#x7E6A;&#x6210;&#x4E00;&#x500B;&#x5929;&#x624D;&#x8207;&#x6DF7;&#x86CB;&#x7684;&#x7D50;&#x5408;&#x9AD4;&#xFF1A;&#x8FFD;&#x6C42;&#x5B8C;&#x7F8E;&#xFF0C;&#x9AD8;&#x50B2;&#x81EA;&#x5927;&#xFF0C;&#x5B8C;&#x5168;&#x4E0D;&#x628A;&#x4EBA;&#x653E;&#x5728;&#x773C;&#x88E1;&#x3002;&#x672C;&#x66F8;&#x4F5C;&#x8005;&#x53F2;&#x862D;&#x5FB7;&#x8207;&#x8CC8;&#x4F2F;&#x65AF;&#x76F8;&#x719F;&#x4E8C;&#x5341;&#x4E94;&#x5E74;&#xFF0C;&#x4ED6;&#x8A8D;&#x70BA;&#x9019;&#x4E0D;&#x4F46;&#x8207;&#x4ED6;&#x8A8D;&#x8B58;&#x7684;&#x8CC8;&#x4F2F;&#x65AF;&#x4E0D;&#x76F8;&#x7B26;&#xFF0C;&#x4E5F;&#x932F;&#x5931;&#x4E86;&#x56DE;&#x770B;&#x8CC8;&#x4F2F;&#x65AF;&#x4E00;&#x751F;&#x7D93;&#x6B77;&#x6642;&#x7684;&#x91CD;&#x8981;&#x7126;&#x9EDE;&#xFF0C;&#x56E0;&#x6B64;&#x8208;&#x8D77;&#x5BEB;&#x4F5C;&#x672C;&#x66F8;&#x7684;&#x5FF5;&#x982D;&#x3002;</subfield>
  </datafield>
</record>
